|
|
|
|
| LEADER |
00828nam a22001577a 4500 |
| 008 |
210101b ||||| |||| 00| 0 mal d |
| 082 |
|
|
|a 854.23709
|
| 100 |
|
|
|a കേസരി, എ . ബാലകൃഷ്ണ പിള്ളൈ
|
| 240 |
|
|
|a Kesariyute Lokangal
|
| 245 |
|
|
|a കേസരിയുടെ ലോകങ്ങൾ /
|c കേസരി എ ബാലകൃഷ്ണ പിള്ളൈ
|
| 260 |
|
|
|a കോട്ടയം :
|b കേസരി കൃതികളുടെ പ്രസിദ്ധീകരണ സമിതി ,
|c 1989
|
| 300 |
|
|
|a 190p. ;
|c 21cm.
|
| 650 |
|
7 |
|2 fast
|9 1069292
|a Malayalam prose literature
|
| 942 |
|
|
|c BK
|
| 999 |
|
|
|c 354246
|d 354246
|
| 952 |
|
|
|0 0
|1 0
|2 ddc
|4 0
|6 854_237090000000000_KES
|7 0
|9 410559
|a UL
|b UL
|c PROC
|d 2021-01-01
|e Donation -I.G.Bhaskara Panikker Family
|o 854.23709 KES
|p G12523
|r 2021-01-01
|v 25.00
|y BK
|